Normal view
MARC view
- Supervisor Dr. Imran Shafi
Entry Personal Name
001 - CONTROL NUMBER
- control field: 69937
003 - CONTROL NUMBER IDENTIFIER
- control field: NUST
005 - DATE AND TIME OF LATEST TRANSACTION
- control field: 20210628204331.0
008 - FIXED-LENGTH DATA ELEMENTS
- fixed length control field: 210628|| aca||aabn | a|a d
040 ## - CATALOGING SOURCE
- Original cataloging agency: NUST
- Transcribing agency: NUST
100 ## - HEADING--PERSONAL NAME
- Personal name: Supervisor Dr. Imran Shafi
670 ## - SOURCE DATA FOUND
- Source citation: Work cat.: (NUST): Ali Raza 69936, TH-SOF-1651-Numerical Simulation of Evaporation in Fuel Spray Droplets in a Diesel Engine, 2019
